Religion Quiz

Random Religion or Book Quiz

Bible Book Endings A-Z Quiz Stats

 Plays Quiz Updated Oct 28, 2015

Challenge
Share
Tweet
Embed
Score 0/13 Timer 02:00
1 Play Today
Letter Book % Correct
SAmos, Acts, Romans, Chronicles, Corinthians, ...
96.8%
HRuth, Isaiah, Jeremiah, Zechariah, Micah, ...
88.1%
NRevelation, John, Song of Solomon, Philemon
87.6%
KMark, Habakkuk
84.5%
EJude, Luke
83.3%
BJob
75.2%
AJoshua, Ezra, Hosea
74.7%
YTimothy, Deuteronomy
74.7%
WMatthew
73.7%
LSamuel, Ezekiel, Daniel, Joel
71.6%
RPeter, Esther
61.4%
IHaggai, Malachi
60.3%
MNahum
35.7%

You're not logged in!

Compare scores with friends on all Sporcle quizzes.
Join for Free
OR
Log In

You Might Also Like...

Show Comments

Extras

Top Quizzes Today


Score Distribution

Your Account Isn't Verified!

In order to create a playlist on Sporcle, you need to verify the email address you used during registration. Go to your Sporcle Settings to finish the process.

Report this User

Report this user for behavior that violates our Community Guidelines.

Details: